000 00330 a2200157 4500
001 152459
040 _cEscola São Tomás de Aquino
100 _aCOUY, Maria Laura Pereira da
240 1 0 _aAmpulheta
_lpor
245 1 0 _aAmpulheta
300 _a134
362 0 _a2001
440 1 _aSografe
697 _aPoesia
942 _cBK
999 _c152459
_d152459